[Event "Cesenatico Open 2019"]
[Site "Cesenatico"]
[Date "2019.09.07"]
[Round "8"]
[White "Di Benedetto, Edoardo"]
[Black "Marzano, Carlo"]
[Result "1-0"]
[WhiteElo "2405"]
[BlackElo "2109"]
[Annotator "TA"]
[PlyCount "137"]
[EventDate "2019.09.01"]
[EventType "swiss"]
[EventCountry "ITA"]
[SourceTitle "playchess.com"]
[Source "ChessBase"]
[SourceQuality "1"]

{[%evp 12,137,36,30,16,22,25,23,24,14,25,6,11,12,17,10,9,-10,-10,-18,14,-14,-23,-48,0,-12,-11,-66,-53,-74,-52,-109,-93,-85,-97,-96,0,-27,0,0,0,0,0,0,0,0,0,0,0,0,0,0,0,0,0,0,0,0,0,0,0,0,0,0,0,0,0,0,0,0,0,0,0,0,0,0,0,0,0,0,0,0,0,0,331,338,1522,1331,1626,1533,1525,1456,1296,1214,1522,1550,1460,1441,1643,1412,1307,1220,1328,1129,936,0,1294,814,664,581,510,508,29979,29980,29980,29981,29981,29982,29982,29979,29981,29979,29987,29988,29988,29988,29990,29991]} 1. d4 d5 2. c4 dxc4 3. e3 Nf6 4. Nf3 e6 5. Bxc4 a6 6. O-O b5 7. Be2 Bb7 {D26: Queen's Gambit Accepted: 4 e3 e6 5 Bxc5 c5 sidelines} ({Predecessor:} 7... c5 8. a4 b4 9. Ne5 Bb7 10. Bf3 Qc7 11. Nd2 Nbd7 12. Ndc4 {½-½ (44) Golichenko,I (2414)-Janus,P (2135) Krakow 2012}) 8. a4 b4 9. Nbd2 $146 (9. b3 Nbd7 10. Bb2 c5 11. Nbd2 Be7 12. Nc4 O-O 13. Rc1 Rc8 14. Qc2 Be4 15. Bd3 Bxd3 16. Qxd3 cxd4 17. Bxd4 Qc7 18. Rfd1 Qb7 19. Na5 Qa8 20. h3 Rxc1 21. Rxc1 {1-0 (57) Vidit,S (2707)-Idani,P (2597) Xingtai 2019}) 9... c5 {White has an edge.} 10. Nc4 Nbd7 11. Nfe5 Be7 12. Bf3 Qc7 13. Nxd7 Nxd7 14. d5 exd5 15. Bxd5 O-O 16. Bxb7 Qxb7 17. b3 Rad8 18. Qc2 Nb6 19. Nxb6 (19. Na5 $11 Qd7 20. Bb2) 19... Qxb6 $15 20. Bb2 Rd7 21. Rad1 (21. Rfd1 $15 Rfd8 22. Rxd7 Rxd7 23. Rb1) 21... Rfd8 $17 22. Rxd7 Rxd7 23. Rd1 Rxd1+ (23... Qg6 $17 24. Qe2 Rxd1+ 25. Qxd1 Qe4) 24. Qxd1 $11 Qe6 25. Qd3 f5 26. Kf1 h5 27. Ke2 Kf7 28. Qc2 Qd5 29. Qd3 Qe6 30. Qc2 Qd5 31. f3 Bf6 32. Bxf6 Kxf6 {[%mdl 4096] Endgame KQ-KQ} 33. Qd3 Qe6 34. a5 Kf7 35. e4 f4 36. Kd2 Ke7 37. Kc2 Ke8 38. Kb1 Ke7 39. Ka2 Ke8 40. Kb1 Ke7 41. Kb2 Qe5+ (41... Qf6+ {feels hotter.} 42. Kc2 Qg5 43. Qd2 Qe5 44. Qd3 Qg5) 42. Ka2 Qe6 43. Qd2 Qe5 44. Qb2 Qg5 45. h4 Qf6 46. Kb1 Kd6 47. Qd2+ Kc6 $2 {[%mdl 8192]} (47... Ke7 $11 {and Black is okay.}) 48. Qd5+ $18 {[%mdl 64] [#] Double Attack} Kb5 $2 (48... Kc7 49. Qxc5+ {[%mdl 64] Double Attack} Kd7 50. Qxb4 Qxh4 51. Qb7+ Kd8 52. Qxg7 Qe1+ 53. Kc2 Qxa5 54. Qf8+ Kd7 55. Qxf4 Qc5+ 56. Kd3 Qb5+ 57. Kc2 Qc5+ 58. Kd3 Qb5+ 59. Kc3 Qc5+ 60. Kd3) 49. Qc4+ Kc6 50. Qxa6+ Kd7 51. Qb7+ Kd8 52. Qd5+ Ke8 53. Qxh5+ g6 54. Qxc5 Qxh4 55. Qb5+ Kf7 56. Qc4+ Ke8 57. Qc8+ Ke7 58. Qc5+ Ke8 $1 59. Qc6+ Ke7 60. a6 {[#] Threatens to win with Qc7+.} Qe1+ 61. Qc1 Qe2 (61... Qf2 $18 62. Qc7+ Ke8 63. Qe5+ Kd7 64. Qg7+ Kd8 65. Qf8+ Kd7 66. Qxf4 Qf1+ 67. Kc2 Qxa6 68. Qf7+ Kd8 69. Qf8+ Kd7 70. Qxb4 Qa2+ 71. Kd1 Ke6 72. Qc4+ Ke7 73. Qc7+ Ke6) 62. a7 {White mates.} Qd3+ 63. Qc2 Qf1+ 64. Kb2 Qa6 65. Qc7+ Kf6 66. Qd8+ Kf7 67. a8=Q Qe2+ 68. Kc1 Qe1+ 69. Qd1 {Accuracy: White = 63%, Black = 72%.} 1-0

[Event "Cesenatico Open 2019"]
[Site "Cesenatico"]
[Date "2019.09.07"]
[Round "8"]
[White "Genocchio, Daniele"]
[Black "Kacani, Kirk"]
[Result "1-0"]
[WhiteElo "2354"]
[BlackElo "2091"]
[Annotator "ChessBase"]
[PlyCount "71"]
[EventDate "2019.09.01"]
[EventType "swiss"]
[EventCountry "ITA"]
[SourceTitle "playchess.com"]
[Source "ChessBase"]
[SourceQuality "1"]
[TimeControl "40/6000:900"]

1. Nf3 {[%emt 0:00:00]} Nf6 {[%emt 0:00:00]} 2. c4 {[%emt 0:00:00]} e6 {[%emt 0:00:00]} 3. e3 {[%emt 0:00:00]} b6 {[%emt 0:01:00]} 4. b3 {[%emt 0:00:00]} Bb7 5. Be2 {[%emt 0:00:00]} Be7 {[%emt 0:00:00]} 6. O-O O-O {[%emt 0:00:00]} 7. Bb2 {[%emt 0:00:00]} d5 {[%emt 0:04:00]} 8. d4 {[%emt 0:05:00]} Nbd7 {[%emt 0:00:00]} 9. Nbd2 {[%emt 0:00:00]} c5 {[%emt 0:06:00]} 10. Rc1 {[%emt 0:00:00]} Ne4 {[%emt 0:05:00]} 11. cxd5 {[%emt 0:01:00]} exd5 {[%emt 0:00:00]} 12. dxc5 {[%emt 0:03:00]} Ndxc5 {[%emt 0:15:00]} 13. Rc2 {[%emt 0:14:00]} Rc8 {[%emt 0:00:00]} 14. Nd4 {[%emt 0:13:00]} Bf6 {[%emt 0:22:00]} 15. N2f3 a6 {[%emt 0:11:00]} 16. b4 {[%emt 0:12:00]} Nd7 {[%emt 0:03:00]} 17. Rxc8 {[%emt 0:00:00]} Qxc8 {[%emt 0:00:00]} 18. Bd3 {[%emt 0:12:00]} Nd6 {[%emt 0:00:00]} 19. Qb1 {[%emt 0:04:00]} g6 {[%emt 0:13:00]} 20. Ne2 {[%emt 0:01:00]} Nc4 {[%emt 0:02:34]} 21. Bxf6 {[%emt 0:00:00]} Nxf6 {[%emt 0:00:00]} 22. Qa1 Ne4 {[%emt 0:00:00]} 23. Rc1 {[%emt 0:04:00]} Qc7 {[%emt 0:00:00]} 24. Nf4 {[%emt 0:06:00]} b5 {[%emt 0:14:57]} 25. Qd4 {[%emt 0:23:10]} Qd6 {[%emt 0:00:39]} 26. a3 {[%emt 0:00:00]} Rd8 {[%emt 0:00:00]} 27. h4 {[%emt 0:00:00]} h5 {[%emt 0:00:00]} 28. Ra1 {[%emt 0:00:51]} Qe7 {[%emt 0:00:51]} 29. a4 {[%emt 0:00:00]} Qd7 {[%emt 0:00:00]} 30. axb5 {[%emt 0:00:00]} Qxb5 {[%emt 0:00:25]} 31. Bxe4 Qxb4 {[%emt 0:00:00]} 32. Bxg6 {[%emt 0:00:00]} fxg6 33. Nxg6 {[%emt 0:00:00]} Kh7 {[%emt 0:00:00]} 34. Qf6 Qb2 {[%emt 0:00:00]} 35. Ng5+ {[%emt 0:00:00]} Kh6 36. Ne5# {[%emt 0:00:00]} 1-0

[Event "Cesenatico Open 2019"]
[Site "Cesenatico"]
[Date "2019.09.07"]
[Round "8"]
[White "Damia, Angelo"]
[Black "Loiacono, Leonardo"]
[Result "1/2-1/2"]
[WhiteElo "2240"]
[BlackElo "2293"]
[Annotator "ChessBase"]
[PlyCount "67"]
[EventDate "2019.09.01"]
[EventType "swiss"]
[EventCountry "ITA"]
[SourceTitle "playchess.com"]
[Source "ChessBase"]
[SourceQuality "1"]
[TimeControl "40/6000:900"]

1. e4 {[%emt 0:10:00]} e5 {[%emt 0:00:00]} 2. Nf3 {[%emt 0:00:00]} Nc6 {[%emt 0:09:00]} 3. d4 {[%emt 0:00:00]} exd4 {[%emt 0:00:00]} 4. Nxd4 {[%emt 0:00:00]} Nf6 {[%emt 0:00:00]} 5. Nxc6 {[%emt 0:00:00]} bxc6 {[%emt 0:00:00]} 6. e5 {[%emt 0:00:00]} Qe7 {[%emt 0:00:00]} 7. Qe2 {[%emt 0:00:00]} Nd5 {[%emt 0:00:00]} 8. c4 Ba6 {[%emt 0:00:00]} 9. b3 {[%emt 0:00:00]} Qh4 {[%emt 0:00:00]} 10. a3 {[%emt 0:00:00]} Nf4 {[%emt 0:00:00]} 11. Qe4 {[%emt 0:16:00]} Ng6 {[%emt 0:16:00]} 12. Qxh4 {[%emt 0:00:00]} Nxh4 {[%emt 0:00:00]} 13. Nd2 {[%emt 0:00:00]} c5 {[%emt 0:00:00]} 14. g3 {[%emt 0:02:00]} Nf5 {[%emt 0:00:00]} 15. Bd3 {[%emt 0:00:00]} Nd4 {[%emt 0:00:00]} 16. Bb2 {[%emt 0:01:00]} Bb7 {[%emt 0:00:00]} 17. O-O {[%emt 0:00:00]} Nf3+ {[%emt 0:00:00]} 18. Nxf3 {[%emt 0:00:00]} Bxf3 {[%emt 0:04:00]} 19. Rfe1 {[%emt 0:00:00]} Rb8 {[%emt 0:00:00]} 20. Bc2 {[%emt 0:00:00]} h5 {[%emt 0:00:00]} 21. h3 {[%emt 0:06:00]} Rg8 {[%emt 0:00:00]} 22. Re3 {[%emt 0:00:00]} Bc6 {[%emt 0:00:00]} 23. h4 {[%emt 0:03:00]} g6 {[%emt 0:02:00]} 24. f4 Kd8 {[%emt 0:00:00]} 25. Rd1 {[%emt 0:07:00]} Kc8 {[%emt 0:00:00]} 26. Bc3 {[%emt 0:00:00]} d6 {[%emt 0:09:00]} 27. Kf2 {[%emt 0:14:00]} dxe5 28. Bxe5 {[%emt 0:00:00]} Kb7 {[%emt 0:11:00]} 29. Re2 {[%emt 0:00:00]} Re8 {[%emt 0:04:00]} 30. Red2 {[%emt 0:14:00]} Bg7 {[%emt 0:03:00]} 31. Bxg7 {[%emt 0:00:00]} Rxg7 {[%emt 0:00:00]} 32. Rd8 {[%emt 0:15:58]} Rxd8 33. Rxd8 {[%emt 0:00:00]} f5 {[%emt 0:01:00]} 34. Bd1 {[%emt 0:00:00]} 1/2-1/2

[Event "Cesenatico Open 2019"]
[Site "Cesenatico"]
[Date "2019.09.07"]
[Round "8"]
[White "Di Trapani, Davide"]
[Black "Djuric, Stefan"]
[Result "1/2-1/2"]
[WhiteElo "2181"]
[BlackElo "2358"]
[Annotator "ChessBase"]
[PlyCount "32"]
[EventDate "2019.09.01"]
[EventType "swiss"]
[EventCountry "ITA"]
[SourceTitle "playchess.com"]
[Source "ChessBase"]
[SourceQuality "1"]
[TimeControl "40/6000:900"]

1. e4 {[%emt 0:05:00]} d6 {[%emt 0:08:00]} 2. d4 {[%emt 0:00:00]} Nf6 {[%emt 0:00:00]} 3. Nc3 {[%emt 0:00:00]} g6 {[%emt 0:00:00]} 4. Bg5 {[%emt 0:00:00]} Bg7 5. Qd2 {[%emt 0:00:00]} h6 {[%emt 0:00:00]} 6. Bh4 {[%emt 0:00:00]} g5 {[%emt 0:00:00]} 7. Bg3 {[%emt 0:00:00]} Nh5 {[%emt 0:04:00]} 8. O-O-O {[%emt 0:16:00]} Nc6 {[%emt 0:09:00]} 9. Qe3 {[%emt 0:00:00]} Bd7 {[%emt 0:04:00]} 10. Be2 {[%emt 0:06:00]} Nxg3 {[%emt 0:23:00]} 11. hxg3 {[%emt 0:00:00]} e5 12. d5 {[%emt 0:02:00]} Nd4 {[%emt 0:01:00]} 13. Bh5 {[%emt 0:03:00]} c5 14. f4 {[%emt 0:09:00]} exf4 {[%emt 0:23:00]} 15. gxf4 {[%emt 0:36:00]} gxf4 {[%emt 0:05:00]} 16. Qxf4 {[%emt 0:00:00]} Qg5 {[%emt 0:02:00]} 1/2-1/2

[Event "Cesenatico Open 2019"]
[Site "Cesenatico"]
[Date "2019.09.07"]
[Round "8"]
[White "Schaefer, Michael"]
[Black "Dragojlovic, Andjelko"]
[Result "0-1"]
[WhiteElo "2181"]
[BlackElo "2293"]
[Annotator "ChessBase"]
[PlyCount "102"]
[EventDate "2019.09.01"]
[EventType "swiss"]
[EventCountry "ITA"]
[SourceTitle "playchess.com"]
[Source "ChessBase"]
[SourceQuality "1"]
[TimeControl "40/6000:900"]

1. c4 {[%emt 0:01:00]} Nf6 {[%emt 0:00:00]} 2. Nf3 {[%emt 0:00:00]} g6 {[%emt 0:00:00]} 3. Nc3 {[%emt 0:00:00]} c5 {[%emt 0:00:00]} 4. g3 {[%emt 0:00:00]} Bg7 5. Bg2 {[%emt 0:00:00]} O-O {[%emt 0:00:00]} 6. O-O d5 {[%emt 0:00:00]} 7. cxd5 {[%emt 0:00:00]} Nxd5 {[%emt 0:00:00]} 8. Ng5 Nc7 {[%emt 0:02:00]} 9. d3 {[%emt 0:00:00]} Nc6 {[%emt 0:01:00]} 10. Bxc6 {[%emt 0:00:00]} bxc6 {[%emt 0:00:00]} 11. Qa4 {[%emt 0:02:00]} Bd7 {[%emt 0:04:00]} 12. Qh4 {[%emt 0:04:00]} h6 {[%emt 0:00:00]} 13. Nge4 {[%emt 0:00:00]} g5 {[%emt 0:00:00]} 14. Qh5 {[%emt 0:00:00]} Ne6 {[%emt 0:00:00]} 15. h4 {[%emt 0:00:00]} f5 {[%emt 0:00:00]} 16. hxg5 {[%emt 0:06:00]} fxe4 {[%emt 0:00:00]} 17. gxh6 {[%emt 0:00:00]} Bxc3 {[%emt 0:01:00]} 18. Qg6+ {[%emt 0:04:00]} Bg7 19. hxg7 {[%emt 0:00:00]} Rf6 {[%emt 0:04:00]} 20. Qxe4 {[%emt 0:01:00]} Nd4 {[%emt 0:19:00]} 21. Qh4 {[%emt 0:08:00]} Kxg7 {[%emt 0:00:00]} 22. Kg2 Bf5 {[%emt 0:00:00]} 23. e4 {[%emt 0:03:00]} Nf3 {[%emt 0:00:00]} 24. Qh5 {[%emt 0:06:00]} Bg6 {[%emt 0:00:00]} 25. Qh6+ {[%emt 0:06:00]} Kf7 26. Qe3 {[%emt 0:00:00]} Qd4 {[%emt 0:00:00]} 27. Qxd4 {[%emt 0:00:00]} Nxd4 {[%emt 0:00:00]} 28. f3 {[%emt 0:03:00]} e5 {[%emt 0:00:00]} 29. Bg5 {[%emt 0:03:00]} Rd6 {[%emt 0:00:00]} 30. Rac1 {[%emt 0:00:00]} Ne6 {[%emt 0:00:00]} 31. Be3 {[%emt 0:00:00]} Rxd3 {[%emt 0:00:00]} 32. Bxc5 {[%emt 0:00:00]} a5 33. Bg1 {[%emt 0:04:00]} Ra6 {[%emt 0:00:00]} 34. Rc4 {[%emt 0:00:00]} Ke7 {[%emt 0:00:00]} 35. b3 {[%emt 0:08:00]} Kd6 {[%emt 0:00:00]} 36. f4 {[%emt 0:06:00]} Nd4 {[%emt 0:00:00]} 37. f5 {[%emt 0:00:00]} Bh5 {[%emt 0:02:00]} 38. Bxd4 {[%emt 0:00:00]} exd4 {[%emt 0:01:00]} 39. Re1 {[%emt 0:01:00]} Rd2+ 40. Kh3 {[%emt 0:00:00]} Be2 {[%emt 0:00:00]} 41. g4 Ke5 {[%emt 0:14:00]} 42. Rc5+ {[%emt 0:17:00]} Kxe4 {[%emt 0:00:00]} 43. f6 Ra8 {[%emt 0:00:00]} 44. Kg3 {[%emt 0:05:00]} d3 {[%emt 0:10:00]} 45. g5 {[%emt 0:05:00]} Rd1 {[%emt 0:02:00]} 46. Kf2 {[%emt 0:04:06]} Rxe1 47. Kxe1 {[%emt 0:00:00]} Bh5 {[%emt 0:00:00]} 48. Rxc6 {[%emt 0:00:00]} Bg6 {[%emt 0:00:00]} 49. Rc5 {[%emt 0:02:51]} Rh8 {[%emt 0:02:00]} 50. Rc7 {[%emt 0:02:07]} Rh1+ {[%emt 0:00:00]} 51. Kd2 {[%emt 0:00:09]} Rh2+ {[%emt 0:00:00]} 0-1

[Event "Cesenatico Open 2019"]
[Site "Cesenatico"]
[Date "2019.09.07"]
[Round "8"]
[White "Dobboletta, Alex"]
[Black "Stromboli, Carlo"]
[Result "1/2-1/2"]
[WhiteElo "2176"]
[BlackElo "2270"]
[Annotator "ChessBase"]
[PlyCount "96"]
[EventDate "2019.09.01"]
[EventType "swiss"]
[EventCountry "ITA"]
[SourceTitle "playchess.com"]
[Source "ChessBase"]
[SourceQuality "1"]
[TimeControl "40/6000:900"]

1. d4 {[%emt 0:10:00]} Nf6 {[%emt 0:00:00]} 2. Nf3 {[%emt 0:00:00]} e6 {[%emt 0:09:00]} 3. e3 {[%emt 0:00:00]} d5 {[%emt 0:00:00]} 4. c4 {[%emt 0:00:00]} a6 5. b3 {[%emt 0:03:00]} b6 {[%emt 0:05:00]} 6. Bd3 {[%emt 0:03:00]} Nbd7 {[%emt 0:00:00]} 7. O-O {[%emt 0:01:00]} Bb7 {[%emt 0:04:00]} 8. Nc3 {[%emt 0:03:00]} Bd6 {[%emt 0:02:00]} 9. Bb2 {[%emt 0:02:00]} O-O {[%emt 0:06:00]} 10. Rc1 {[%emt 0:01:00]} Ne4 {[%emt 0:09:00]} 11. Ne2 {[%emt 0:01:00]} Qf6 12. Qc2 {[%emt 0:01:00]} Qh6 {[%emt 0:28:00]} 13. h3 {[%emt 0:43:00]} f5 14. Ne5 {[%emt 0:02:00]} Ndf6 {[%emt 0:18:59]} 15. Nf4 {[%emt 0:16:06]} Rae8 {[%emt 0:04:07]} 16. f3 {[%emt 0:00:00]} g5 {[%emt 0:08:47]} 17. Ne2 {[%emt 0:00:00]} g4 {[%emt 0:00:00]} 18. Nf4 {[%emt 0:00:00]} Ng3 {[%emt 0:01:17]} 19. Rf2 {[%emt 0:00:00]} Nfh5 {[%emt 0:03:14]} 20. fxg4 {[%emt 0:00:00]} Bxe5 {[%emt 0:00:00]} 21. Nxh5 {[%emt 0:00:00]} Nxh5 22. gxh5 {[%emt 0:00:00]} dxc4 {[%emt 0:00:00]} 23. bxc4 {[%emt 0:01:23]} Bg3 {[%emt 0:00:00]} 24. Re2 {[%emt 0:01:04]} Qxh5 25. Rf1 {[%emt 0:00:28]} Be4 {[%emt 0:00:00]} 26. Ba3 Rf7 {[%emt 0:00:02]} 27. Bxe4 {[%emt 0:07:34]} fxe4 28. Rxf7 {[%emt 0:00:00]} Kxf7 {[%emt 0:00:00]} 29. Rd2 Qf5 {[%emt 0:00:00]} 30. Rd1 {[%emt 0:00:00]} Kg8 {[%emt 0:00:00]} 31. Rf1 {[%emt 0:00:00]} Bh2+ {[%emt 0:00:00]} 32. Kxh2 {[%emt 0:02:05]} Qxf1 {[%emt 0:00:00]} 33. Qxe4 {[%emt 0:00:00]} Qf5 {[%emt 0:00:00]} 34. Qc6 {[%emt 0:00:00]} Qf7 {[%emt 0:00:00]} 35. Bb2 {[%emt 0:00:00]} e5 {[%emt 0:00:00]} 36. dxe5 {[%emt 0:00:29]} Qe6 {[%emt 0:00:01]} 37. Qe4 {[%emt 0:00:18]} b5 {[%emt 0:00:00]} 38. c5 {[%emt 0:00:00]} Re7 {[%emt 0:00:00]} 39. a3 {[%emt 0:00:00]} Qg6 {[%emt 0:00:00]} 40. Qd5+ {[%emt 0:00:00]} Qe6 {[%emt 0:00:00]} 41. Qd8+ {[%emt 0:03:01]} Kf7 {[%emt 0:03:01]} 42. Bd4 {[%emt 0:00:00]} Qc6 {[%emt 0:00:00]} 43. Qh8 {[%emt 0:00:00]} Qg6 {[%emt 0:11:31]} 44. Qa8 {[%emt 0:09:08]} Qe6 {[%emt 0:00:28]} 45. Qh8 {[%emt 0:00:00]} Kg6 {[%emt 0:00:00]} 46. Qa8 {[%emt 0:00:00]} Kf7 {[%emt 0:00:00]} 47. Qh8 {[%emt 0:01:53]} Qg6 {[%emt 0:00:00]} 48. Qa8 {[%emt 0:00:00]} Qe6 {[%emt 0:00:00]} 1/2-1/2

[Event "Cesenatico Open 2019"]
[Site "Cesenatico"]
[Date "2019.09.07"]
[Round "8"]
[White "Voltolini, Giuseppe"]
[Black "Medici, Simone"]
[Result "1/2-1/2"]
[WhiteElo "2115"]
[BlackElo "2201"]
[Annotator "ChessBase"]
[PlyCount "44"]
[EventDate "2019.09.01"]
[EventType "swiss"]
[EventCountry "ITA"]
[SourceTitle "playchess.com"]
[Source "ChessBase"]
[SourceQuality "1"]
[TimeControl "40/6000:900"]

1. d4 {[%emt 0:00:00]} d5 {[%emt 0:00:00]} 2. c4 {[%emt 0:00:00]} e6 {[%emt 0:00:00]} 3. Nf3 {[%emt 0:00:00]} Nf6 {[%emt 0:00:00]} 4. g3 {[%emt 0:00:00]} Nbd7 {[%emt 0:07:00]} 5. Bg2 {[%emt 0:00:00]} c6 {[%emt 0:03:00]} 6. b3 Bd6 {[%emt 0:00:00]} 7. Bb2 {[%emt 0:09:00]} Qe7 {[%emt 0:10:00]} 8. Nbd2 e5 {[%emt 0:03:00]} 9. cxd5 {[%emt 0:16:00]} Nxd5 {[%emt 0:05:00]} 10. dxe5 {[%emt 0:05:00]} Nxe5 {[%emt 0:00:00]} 11. O-O {[%emt 0:02:00]} O-O 12. Nxe5 {[%emt 0:02:00]} Bxe5 {[%emt 0:00:00]} 13. Bxe5 {[%emt 0:00:00]} Qxe5 {[%emt 0:00:00]} 14. Nc4 {[%emt 0:01:00]} Qg5 {[%emt 0:17:00]} 15. Bxd5 {[%emt 0:00:00]} cxd5 {[%emt 0:01:00]} 16. Ne3 {[%emt 0:22:00]} Bh3 {[%emt 0:11:00]} 17. Re1 {[%emt 0:00:00]} Rad8 {[%emt 0:00:00]} 18. Qd4 {[%emt 0:07:00]} Rfe8 {[%emt 0:00:00]} 19. Rad1 {[%emt 0:01:00]} h5 {[%emt 0:25:00]} 20. f4 Qg6 {[%emt 0:08:31]} 21. Nxd5 {[%emt 0:12:00]} Rd7 {[%emt 0:00:00]} 22. e4 {[%emt 0:02:00]} Kh8 {[%emt 0:03:51]} 1/2-1/2

[Event "Cesenatico Open 2019"]
[Site "Cesenatico"]
[Date "2019.09.07"]
[Round "8"]
[White "Paleologu, Vladimir"]
[Black "Dittmar, Peter"]
[Result "0-1"]
[WhiteElo "2105"]
[BlackElo "2259"]
[Annotator "ChessBase"]
[PlyCount "98"]
[EventDate "2019.09.01"]
[EventType "swiss"]
[EventCountry "ITA"]
[SourceTitle "playchess.com"]
[Source "ChessBase"]
[SourceQuality "1"]
[TimeControl "40/6000:900"]

1. e4 {[%emt 0:17:00]} c6 {[%emt 0:00:00]} 2. d4 {[%emt 0:01:00]} d5 {[%emt 0:17:00]} 3. exd5 {[%emt 0:00:00]} cxd5 {[%emt 0:00:00]} 4. Bd3 {[%emt 0:00:00]} Nc6 {[%emt 0:00:00]} 5. c3 {[%emt 0:00:00]} Qc7 {[%emt 0:00:00]} 6. Ne2 Bg4 {[%emt 0:00:00]} 7. O-O {[%emt 0:06:00]} e6 {[%emt 0:00:00]} 8. Nd2 {[%emt 0:00:00]} Bd6 {[%emt 0:00:00]} 9. h3 {[%emt 0:13:00]} Bh5 {[%emt 0:00:00]} 10. b4 Nf6 {[%emt 0:00:00]} 11. a4 {[%emt 0:09:00]} O-O {[%emt 0:00:00]} 12. Ba3 {[%emt 0:03:00]} Rac8 {[%emt 0:00:00]} 13. b5 {[%emt 0:11:00]} Bxa3 14. Rxa3 {[%emt 0:00:00]} Na5 {[%emt 0:00:00]} 15. f4 {[%emt 0:00:00]} Bg6 {[%emt 0:00:00]} 16. f5 {[%emt 0:03:00]} Bxf5 {[%emt 0:00:00]} 17. Bxf5 {[%emt 0:00:00]} exf5 {[%emt 0:00:00]} 18. Rxf5 {[%emt 0:00:00]} Rfe8 19. Ra1 {[%emt 0:07:00]} Ne4 {[%emt 0:29:00]} 20. Nxe4 {[%emt 0:00:00]} Rxe4 {[%emt 0:01:00]} 21. Rf3 {[%emt 0:05:00]} Nc4 {[%emt 0:03:00]} 22. Qc2 {[%emt 0:00:00]} Rce8 {[%emt 0:09:00]} 23. Ng3 {[%emt 0:08:30]} R4e6 24. Qd3 {[%emt 0:03:36]} Re3 {[%emt 0:06:00]} 25. Qf5 {[%emt 0:00:00]} Rxf3 {[%emt 0:11:00]} 26. Qxf3 {[%emt 0:02:51]} Re3 {[%emt 0:00:00]} 27. Qxd5 {[%emt 0:00:00]} Rxg3 {[%emt 0:06:21]} 28. Re1 {[%emt 0:00:00]} g6 {[%emt 0:00:00]} 29. Re8+ {[%emt 0:00:36]} Kg7 {[%emt 0:00:00]} 30. Qc5 {[%emt 0:00:00]} Qxc5 {[%emt 0:00:00]} 31. dxc5 {[%emt 0:00:00]} Rxc3 {[%emt 0:00:00]} 32. Ra8 {[%emt 0:00:12]} Nb2 {[%emt 0:01:14]} 33. Rxa7 {[%emt 0:04:15]} Rxc5 {[%emt 0:00:11]} 34. b6 {[%emt 0:00:04]} Nxa4 35. Rxa4 {[%emt 0:00:00]} Rb5 {[%emt 0:01:26]} 36. Kh2 Rxb6 {[%emt 0:00:00]} 37. Kg3 {[%emt 0:00:00]} f5 {[%emt 0:09:30]} 38. Rd4 {[%emt 0:00:00]} Kf6 {[%emt 0:00:00]} 39. h4 {[%emt 0:00:00]} h6 {[%emt 0:00:00]} 40. Rd3 {[%emt 0:00:00]} Re6 {[%emt 0:00:00]} 41. Rd7 {[%emt 0:14:36]} b6 {[%emt 0:09:47]} 42. Rh7 {[%emt 0:00:00]} Re7 {[%emt 0:00:06]} 43. Rh8 {[%emt 0:00:00]} Rb7 {[%emt 0:04:16]} 44. h5 {[%emt 0:00:00]} Kg7 {[%emt 0:00:00]} 45. Rc8 {[%emt 0:00:00]} b5 {[%emt 0:00:00]} 46. Kf4 {[%emt 0:00:00]} b4 {[%emt 0:02:26]} 47. Rc2 {[%emt 0:01:37]} b3 {[%emt 0:00:00]} 48. Rb2 {[%emt 0:00:00]} Rb4+ {[%emt 0:00:00]} 49. Ke5 {[%emt 0:00:00]} Rb5+ {[%emt 0:00:00]} 0-1